Les Monarques Britanniques par Durée de Règne - Statistiques

Statistiques générales
  • Ce quiz a été pris 21 fois
  • Le résultat moyen est 4 sur 10
Statistiques - réponses
Durée du règne Année du Couronnement Monarque % Correct
63 Années, 216 Jours 1837 Reine Victoria
72%
44 Années, 127 Jours 1558 Reine Elizabeth I
67%
À déterminer 1952 Reine Elizabeth II
67%
56 Années, 19 Jours 1216 Roi Henry III
61%
57 Années, 246 Jours 1567 Roi James VI
39%
48 Années, 360 Jours 1165 Roi William I
39%
59 Années, 96 Jours 1820 Roi George III
33%
50 Années, 147 Jours 1327 Roi Edward III
28%
41 Années, 260 Jours 1329 Roi David II
6%
~44 Années 1195 Llywelyn du Gwynedd
0%
Aucun quiz correspondant
Distribution des résultats
% des personnes avec chaque résultat
Percentile par nombre de réponses
Votre historique - résultats
Vous n’avez pas pris ce quiz